000 01885nam0a2200325 4500
001 RU\NLR\BIBL_A\011752350
005 20260407075900.0
035 _a(NLR Aleph) 011752350
090 _a11635094
_c11635094
100 _a20180716d1985 |||y0rusy50 ca
101 0 _arus
102 _aRU
105 _ay z 000yy
200 1 _aМоделирование и исследование физических объектов в системах автоматизации экспериментов
_fА.Г. Баданов, В.А. Кутуков, Г.Н. Соловьев, П.И. Сущинский
210 _aМосква
_cМИФИ
_d1985 (вып. дан. 1986)
215 _a21 с.
_cсхем.
_d20
225 1 _aПрепринт
_fМинистерство высшего и среднего специального образования СССР, Московский инженерно-физический институт
_v034-85
320 _aБиблиогр.: с. 19-20.
606 1 _aЭксперимент
_xАвтоматизация
_91299101
_3RU\NLR\AUTH\66220423
686 1 _aЧ215.31
701 1 _7ca
_8rus
_aБаданов
_bА. Г.
_f1943-
_gАлексей Геннадьевич
_9191457
_3RU\NLR\AUTH\770191508
701 1 _aКутуков
_bВ. А.
_gВиктор Александрович
701 1 _7ca
_8rus
_aСоловьев
_bГ. Н.
_cд-р техн. наук, компьютер. технологии
_gГеннадий Николаевич
_9191470
_3RU\NLR\AUTH\770191521
701 1 _aСущинский
_bП. И.
_gПавел Игоревич
712 0 2 _4475
_aМосковский инженерно-физический институт
_9280679
_3RU\NLR\AUTH\884570
852 _aNLR
_j87-4/19060
942 _cBOOK
980 _aNB